Cuadernos de Ciencias Sociales / CSUCA
Furkejuvvon:
| Searvvušdahkki: | |
|---|---|
| Materiálatiipa: | Girji |
| Giella: | Spanish |
| Almmustuhtton: |
San José, Costa Rica:
CSUCA. Programa Centroamericano de Ciencias Sociales,
|
| Fáttát: | |
| Fáddágilkorat: |
Lasit fáddágilkoriid
Eai fáddágilkorat, Lasit vuosttaš fáddágilkora!
|
MARC
| LEADER | 00000nam a22000007a 4500 | ||
|---|---|---|---|
| 003 | cru CIDCACS/IIS | ||
| 005 | 20191206131416.0 | ||
| 007 | ta | ||
| 008 | 191206n cr ||p|r||||||0| ||spa|d | ||
| 999 | |c 42727 |d 42727 | ||
| 040 | |c cru CIDCACS/IIS | ||
| 090 | |a REV1478 | ||
| 110 | 1 | |9 8176 |a Consejo Superior Universitario Centroamericano (CSUCA) | |
| 245 | 1 | |a Cuadernos de Ciencias Sociales / |b CSUCA | |
| 260 | |a San José, Costa Rica: |b CSUCA. Programa Centroamericano de Ciencias Sociales, | ||
| 650 | 0 | |9 632 |a ASPECTOS SOCIALES | |
| 650 | 0 | |9 4355 |a ASPECTOS ECONOMICOS | |
| 650 | 0 | |9 136 |a HISTORIA | |
| 942 | |2 ddc |c PP | ||
